mess - noah kahan lyrics - Statistics

General Stats
  • This quiz has been taken 114 times
  • The average score is 344 of 407
Answer Stats
lyrics % Correct
a
100%
i
100%
the
98%
to
98%
and
96%
god
94%
me
94%
mess
94%
say
94%
take
94%
get
93%
i'll
93%
my
93%
oh
93%
up
93%
back
91%
be
91%
you're
91%
all
89%
apartment
89%
boston
89%
i'm
89%
dogs
87%
help
87%
her
87%
new
87%
see
87%
set
87%
city
85%
drunk
85%
home
85%
in
85%
good
83%
they
83%
together
83%
we'll
83%
feed
81%
i'd
81%
love
81%
put
81%
she'll
81%
was
81%
would
81%
89
80%
belong
80%
born
80%
morning
80%
pieces
80%
where
80%
could
78%
if
78%
move
78%
myself
78%
shit
78%
flight
76%
along
74%
forever
74%
old
74%
problem
74%
this
74%
of
72%
what
72%
friends
70%
is
70%
it
70%
that
70%
wake
70%
clean
69%
cold
69%
how
69%
knew
69%
prove
69%
sweat
69%
unimportant
69%
but
67%
fit
67%
tour
67%
wipe
67%
wrong
67%
ask
65%
happy
65%
into
65%
try
65%
on
63%
things
63%
with
63%
bitterness
61%
gone
61%
typical
61%
only
59%
clothing
57%
so
57%
ever
56%
give
56%
ignore
56%
just
56%
want
56%
weight
56%
debts
54%
mask
54%
wore
54%
before
52%
found
52%
off
52%
boring
50%
forgot
50%
stage
50%
there's
50%
way
50%
world
50%
looked
48%
paid
48%
called
46%
guess
46%
still
39%
find
37%
comfort
33%
not
33%
now
30%
had
28%
hoped
26%
that's
19%
No matching quizzes found
Score Distribution
Percent of People with Each Score
Percentile by Number Answered
Your Score History
You have not taken this quiz